UBT Library

The U.S. organ procurement system : (Record no. 40317)

000 -LEADER
fixed length control field 01041cam a22002894a 4500
001 - CONTROL NUMBER
control field 12691788
005 - DATE AND TIME OF LATEST TRANSACTION
control field 20180115094206.0
008 - FIXED-LENGTH DATA ELEMENTS--GENERAL INFORMATION
fixed length control field 020305s2002 dcua b 001 0 eng
010 ## - LIBRARY OF CONGRESS CONTROL NUMBER
LC control number 2002025402
020 ## - INTERNATIONAL STANDARD BOOK NUMBER
International Standard Book Number 0844741701 (cloth)
020 ## - INTERNATIONAL STANDARD BOOK NUMBER
International Standard Book Number 084474171X (pbk.)
040 ## - CATALOGING SOURCE
Original cataloging agency DLC
Transcribing agency DLC
Modifying agency DLC
041 ## - LANGUAGE CODE
Language code of text/sound track or separate title eng
042 ## - AUTHENTICATION CODE
Authentication code pcc
043 ## - GEOGRAPHIC AREA CODE
Geographic area code n-us---
080 ## - UNIVERSAL DECIMAL CLASSIFICATION NUMBER
Universal Decimal Classification number 362.17830973 KAS
082 00 - DEWEY DECIMAL CLASSIFICATION NUMBER
Classification number 362.17830973 KAS
Edition number 21
100 1# - Rafti
Rafti 14
101 ## - Shkurtesa
Shkurtesa JUR
245 14 - TITLE STATEMENT
Title The U.S. organ procurement system :
Statement of responsibility, etc David L. Kaserman and A.H. Barnett.
246 30 - VARYING FORM OF TITLE
Title proper/short title US organ procurement system
246 30 - VARYING FORM OF TITLE
Title proper/short title United States organ procurement system
504 ## - BIBLIOGRAPHY, ETC. NOTE
Bibliography, etc Includes bibliographical references (p. 163-170) and index.
906 ## - LOCAL DATA ELEMENT F, LDF (RLIN)
a 7
b cbc
c orignew
d 1
e ocip
f 20
g y-gencatlg
942 ## - ADDED ENTRY ELEMENTS (KOHA)
Source of classification or shelving scheme
Item type Books
Holdings
Withdrawn status Lost status Source of classification or shelving scheme Damaged status Not for loan Collection code Permanent location Current location Shelving location Date acquired Total Checkouts Full call number Barcode Date last seen Price effective from Koha item type
          Koleksioni i përgjithshem UBT - Lipjan UBT - Lipjan Koleksioni i përgjithshem 01/15/2018   362.17830973 KAS 002-2995393 01/15/2018 01/15/2018 Books
UBT Library © 2015-2024. All rights reserved University Education for Business and Technology